01013cam a22002651a 4500001001300000003000400013005001700017008004100034010001700075035001900092040005300111050001400164070002000178082000800198100004800206245008700254260005800341300002800399490008300427500001700510500006400527650005400591830008500645999001700730agr45000259 DLC20260227111003.0780825s1945 dcua f000 0 eng c aagr45000259  a(OCoLC)4168799 aU.S.Dept. of agr. LibrarycArLUAdDNALdDLCdWaU00aQK61b.A70 a1bAg84M no.568 a5791 aArcher, W. Andrewq(William Andrew),d1894-10aCollecting data and specimens for study of economic plants /cby W. Andrew Archer. aWashington, D.C. :bU.S. Dept. of Agriculture,c1945. a52 p. :bill. ;c23 cm.1 aMiscellaneous publication / United States Department of Agriculture ;vno. 568 aCover title. aContribution from Office of Foreign Agricultural Relations. 0aBotanical specimensxCollection and preservation. 0aMiscellaneous publication (United States. Department of Agriculture) ;vno. 568. c10388d10388